Soil and plant analysis for tree culture / (Record no. 136194)

MARC details
000 -LEADER
fixed length control field 00734nam a22002417a 4500
005 - DATE AND TIME OF LATEST TRANSACTION
control field 20170124110255.0
010 ## - LIBRARY OF CONGRESS CONTROL NUMBER
LC control number A-408490
020 ## - INTERNATIONAL STANDARD BOOK NUMBER
Terms of availability 00.00
035 ## - SYSTEM CONTROL NUMBER
System control number A-408490
037 ## - SOURCE OF ACQUISITION
Source of stock number/acquisition Cen Lib/Ret
040 ## - CATALOGING SOURCE
Original cataloging agency DPL
Language of cataloging EN
082 ## - DEWEY DECIMAL CLASSIFICATION NUMBER
Classification number 631.4
Item number SOI
245 ## - TITLE STATEMENT
Title Soil and plant analysis for tree culture /
Statement of responsibility, etc by S.A. Wilde...[et al.]
250 ## - EDITION STATEMENT
Edition statement 5th rev ed
260 ## - PUBLICATION, DISTRIBUTION, ETC. (IMPRINT)
Place of publication, distribution, etc New Delhi
Name of publisher, distributor, etc Oxford University Press
Date of publication, distribution, etc 1979
270 ## - ADDRESS
Address 66 Janpath
City New Delhi
Postal code 110001
300 ## - PHYSICAL DESCRIPTION
Extent xi, 224p.
Dimensions 19cm(Hb)
500 ## - GENERAL NOTE
General note Includes appendix and bibliographical references
650 ## - SUBJECT ADDED ENTRY--TOPICAL TERM
Topical term or geographic name as entry element Agricultuture
9 (RLIN) 113861
650 ## - SUBJECT ADDED ENTRY--TOPICAL TERM
Topical term or geographic name as entry element Soil and plant analysis
9 (RLIN) 31830
700 ## - ADDED ENTRY--PERSONAL NAME
Personal name Wilde, S.A.
9 (RLIN) 31831
942 ## - ADDED ENTRY ELEMENTS (KOHA)
Source of classification or shelving scheme Dewey Decimal Classification
Koha item type English Books
Classification part 631.4
Call number suffix SOU
Holdings
Withdrawn status Lost status Damaged status Not for loan Home library Current library Date acquired Source of acquisition Total Checkouts Full call number Barcode Date last seen Copy number Price effective from Koha item type Public note
Written off       Central Library Central Library 26/12/2015 Cen Lib/Ret   631.4 SOI A-408490 26/12/2015 1 26/12/2015 English Books W/d List No. 6880/14 ; dtd 01/09/2020

© Delhi Public Library
Hit Counter
free hit counter